000 00528nam a2200157Ia 4500
008 240126s9999 xx 000 0 und d
041 _aEnglish
082 _aPRIS08-1290
100 _aManjunath M, Veena Kumari R, Yasha B J
245 0 _aContent-Based Image Resizer [electronic resource: Project Report]
_bKarthik S
260 _bPESIT, Dept. of IS
_aBangalore
440 _aNULL
650 _aContent-Based,Resizer,[electronic,resource:,Project,Report],Information Science
650 _aInformation Science
942 _cPR
999 _c258480
_d258480